Statistics for Steve Irwin Trivia

Click here to take the quiz!

General Stats

  • This quiz has been taken 5 times
  • The average score is 7 of 16

Answer Stats

HintAnswer% Correct
His signature clothing was this colourKhaki
100%
The name of the zoo that he managed, taking over from his fatherAustralia Zoo
80%
Steve Irwin's daughter's nameBindi Irwin
80%
Steve Irwin's son's nameRobert Irwin
80%
This date was chosen as it was the same as the birthday of one of his favourite animals, Harriet, who was from the Galapagos Islands. What animal was Harriet?Tortoise
80%
Steve Irwin Day takes place on the 15th of which month?November
60%
What Australian state was he bornVictoria
60%
Steve Irwin's wife's nameTerri Irwin
40%
He lent his voice to this 2006 animated filmHappy Feet
20%
On his sixth birthday, he was gifted this animalScrub Python
20%
What was the name of the TV show that made him a global starThe Crocodile Hunter
20%
At his funeral, singer John Williamson performed this song, which was Irwin's favouriteTrue Blue
20%
Steve Irwin's best mate who also stars in the showWes Mannion
20%
What is the name of the zoo's largest crocodile, who Steve Irwin caught in 1988Acco
0%
The 57567 Crikey was named in honour of Steve Irwin. What is it?Asteroid
0%
He died after being stung by a stingray while filming this television showOcean's Deadliest
0%

Score Distribution

Percentile by Number Answered

Percent of People with Each Score

Your Score History

You have not taken this quiz